|
|
|
|
| LEADER |
01465nam a2200373 i 4500 |
| 001 |
41660 |
| 003 |
BD-DhAAL |
| 005 |
20230814134644.0 |
| 008 |
230814r20152010nyua b 001 0 eng d |
| 010 |
|
|
|a 2016055244
|
| 020 |
|
|
|a 9789332551589
|
| 020 |
|
|
|a 9780134689494 (pbk.)
|
| 020 |
|
|
|a 0134689496 (pbk.)
|
| 040 |
|
|
|a DLC
|b eng
|c DLC
|e rda
|d DLC
|d BD-DhAAL
|
| 042 |
|
|
|a pcc
|
| 050 |
0 |
0 |
|a QA331.5
|b .R6 2018
|
| 082 |
0 |
0 |
|a 515.8
|2 23
|
| 100 |
1 |
|
|a Royden, H. L.,
|d 1928-1993,
|e author.
|9 55355
|
| 245 |
1 |
0 |
|a Real analysis /
|c H.L. Royden, Stanford University, P.M. Fitzpatrick, University of Maryland, College Park.
|
| 250 |
|
|
|a Fourth edition.
|
| 264 |
|
1 |
|a New York, New York :
|b Pearson,
|c c2010 [first impression 2015].
|
| 300 |
|
|
|a xii, 505 pages :
|b illustrations ;
|c 23 cm.
|
| 500 |
|
|
|a Originally published in 2010, reissued as part of Pearson's modern classic series.
|
| 504 |
|
|
|a Includes bibliographical references and index.
|
| 526 |
|
|
|a MNS
|
| 541 |
|
|
|a Trim Education
|e 41660
|
| 650 |
|
0 |
|a Functions of real variables.
|9 31559
|
| 650 |
|
0 |
|a Functional analysis.
|
| 650 |
|
0 |
|a Measure theory.
|9 55356
|
| 700 |
1 |
|
|a Fitzpatrick, Patrick,
|d 1946-
|9 55357
|
| 852 |
|
|
|a Ayesha Abed Library
|c General Stacks
|
| 942 |
|
|
|2 ddc
|c BK
|
| 999 |
|
|
|c 44333
|d 44333
|
| 952 |
|
|
|0 0
|1 0
|2 ddc
|4 0
|6 515_800000000000000_ROY
|7 0
|9 74210
|a BRACUL
|b BRACUL
|c GEN
|d 2023-08-09
|e Trim Education
|g 750.00
|l 2
|m 34
|o 515.8 ROY
|p 3010041660
|r 2026-02-18
|s 2025-09-17
|t 1
|v 750.00
|w 2023-08-09
|y BK
|